Valná hromada České slévárenské společnosti 2014

Podrobná bibliografia
Hlavný autor: Urbánek, František (Author)
Médium: Článok
Jazyk:Czech
Témy:
Zdroj: 1. Slévárenství 1. Roč. LXII, č. 3-4 (2014), s. 115-117 1. 0037-6825
LEADER 00816nab#a2200289#ar4500
001 000113539
003 SVKKK
005 20140825132756.0
008 130826c2014 xr |||||||||||||||b|cze
FMT
038 |a SVKKK 
040 |a SVKKK  |b slo  |e AACR2 
041 0 |a cze 
044 |a xr  |c CZ 
080 |a 621.74  |x (437.1/.2)  |2 2008 
100 1 |a Urbánek, František  |4 aut 
245 1 0 |a Valná hromada České slévárenské společnosti 2014  |c František Urbánek 
300 |b Obr. 
610 2 4 |a Česká slévárenská společnost (Brno, Česko)  |b Valné zhromaždenie  |c (13.3.2014 :  |d Svratka, Česko) 
650 0 4 |a zlievarenstvo 
651 4 |a Česko 
773 0 |t Slévárenství  |g Roč. LXII, č. 3-4 (2014), s. 115-117  |x 0037-6825 
974 |a MI 
992 |a RBX 
BAS
852 |a SVKKK  |b BIB 
998 |a HUT